Parties and party systems : a framework for analysis

Αποθηκεύτηκε σε:
Λεπτομέρειες βιβλιογραφικής εγγραφής
Κύριος συγγραφέας: Sartori, Giovanni 1924-
Μορφή: Βιβλίο
Γλώσσα:English
Δημοσίευση: Colchester : ECPR Press, c2005
Σειρά:ECPR classics
Θέματα:
Ετικέτες: Προσθήκη ετικέτας
Δεν υπάρχουν, Καταχωρήστε ετικέτα πρώτοι!

MARC

LEADER 00000nam a2200000 i 4500
001 1/10916
008 101116s2005 eng d
020 |a 978-0-9547966-1-7 (pbk.) 
035 |l 10109214 
040 |a GR-MY-UA  |b gre  |e aacr 
041 0 |a eng 
082 0 |a 324.2  |2 (22) 
100 1 |a Sartori, Giovanni  |d 1924- 
245 1 0 |a Parties and party systems :  |b a framework for analysis /  |c Giovanni Sartori 
260 |a Colchester :   |b ECPR Press,   |c c2005 
300 |a xxiv, 342 σ.;  |c 24 εκ. 
490 1 |a ECPR classics 
504 |a Περιέχει βιβλιογραφία και ευρετήριο 
650 0 0 |a Political parties. 
830 0 |a ECPR classics 
852 |a INST  |b LESVOS  |e 20101116  |h 324.2 SAR  |p 005100049575  |q 005100049575  |t BK  |y 0 
901 |a BIBL1-2010-3 
909 |a Λ  |b 166669 
922 |a 1ΕΛΗ  |b 201010  |c ΤΑΚΤΙΚΟΣ ΒΙΒΛΙΟΘΗΚΗΣ  |d ΜΙΧΑΛΟΠΟΥΛΟΣ 
970 |a ΤΖΑΦΕΡΗ  |b ΕΥΑΓΓΕΛΙΑ  |z 2010/11/16